| 000 | 02007cam a2200373 4500 | ||
|---|---|---|---|
| 001 | ABS66894 | ||
| 008 | 030715n2003 000 0 eng u | ||
| 035 | _a(Sirsi) u123001 | ||
| 100 | _aTripley, D. | ||
| 245 | _aEnvironmental protection law update | ||
| 260 | _c2003 | ||
| 490 |
_aLegal Action _vJuly 2003, 15-17(3) |
||
| 520 | _aThe first article in a new series examines the development of environmental protection law with reference to recent UK and European case law. Explains why the law plays a significant role in the environment, highlighting examples of environmental conflict and public distrust about science and technology. Discusses key issues and case law spanning four areas of environmental protection law: the Habitats Directive (92/43/EEC); risk and the precautionary principle; fair trial under the European Convention on Human Rights Art 6; and private and family life under the European Convention on Human Rights Art 8. Case law. | ||
| 590 | _aABS | ||
| 650 | _aENVIRONMENTAL PROTECTION | ||
| 650 | _aENVIRONMENTAL LAW | ||
| 650 | _aDIRECTIVE 92/43/EEC | ||
| 650 | _aCONVENTION FOR THE PROTECTION OF HUMAN RIGHTS AND FUNDAMENTAL FREEDOMS ART 6 | ||
| 650 | _aCONVENTION FOR THE PROTECTION OF HUMAN RIGHTS AND FUNDAMENTAL FREEDOMS ART 8 | ||
| 650 | _aPRECAUTIONARY PRINCIPLE | ||
| 650 | _aR V SOS TRANSPORT EX P BOWN | ||
| 650 | _aR V SOS ENVIRONMENT, TRANSPORT AND THE REGIONS EX P ALCONBURY DEVELOPMENTS | ||
| 650 | _aR V SOS ENVIRONMENT AND ANOTHER EX P LANGTON AND OTHERS | ||
| 650 | _aR V ENGLISH NATURE AND ANOTHER EX P AGGREGATE INDUSTRIES UK | ||
| 650 | _aLOPEZ OSTRA V SPAIN COUNCIL OF EUROPE | ||
| 650 | _aGUERRA V ITALY | ||
| 650 | _aMARCIC V THAMES WATER UTILITIES LTD | ||
| 650 | _aMCKENNA AND OTHERS V BRITISH ALUMINIUM LTD | ||
| 650 | _aDENNIS AND ANOTHER V MINISTRY OF DEFENCE | ||
| 650 | _aALPHARMA INC V COUNCIL | ||
| 650 | _aCONSERVATION (NATURAL HABITATS, ETC) REGULATIONS 1994 | ||
| 690 | _aENVIRONMENT-CASE LAW | ||
| 942 | _n0 | ||
| 999 |
_c73037 _d73037 |
||